| 000 | 00421nam a2200133 i 4500 | ||
|---|---|---|---|
| 001 | bg | ||
| 100 | 1 | _aROGOWSKI, Czesław Maciej | |
| 245 | 0 |
_aTeoretyczne i techniczne podstawy konstrukcji obrabiarki na przykładzie szlifierki do wzdłużnego szlifowania wałków / _cCzesław Maciej Rogowski. |
|
| 260 |
_aKoszalin, _c1981. |
||
| 040 | _cBPK | ||
| 041 | _apol | ||
| 942 | _cKS | ||
| 008 | s pl f |000 0 pol | ||
| 999 |
_c1792 _d1792 |
||
| 856 |
_uhttp://koha.tu.koszalin.pl/cgi-bin/koha/opac-detail.pl?biblionumber=1792 _yKatalog online BPK |
||